[Event "Mittelfranken-chTB2b 1920"]
[Site "Mittelfranken"]
[Date "2020.02.02"]
[Round "5.1"]
[White "Quaschner, Tobias"]
[Black "Kendzia, Nikolai"]
[Result "1-0"]
[WhiteElo "2133"]
[BlackElo "1850"]
[PlyCount "53"]
[EventDate "2019.10.13"]
[EventType "team-tourn"]
[EventRounds "9"]
[EventCountry "GER"]
[SourceTitle "EXT 2023"]
[Source "ChessBase"]
[SourceDate "2022.10.05"]
[SourceVersion "1"]
[SourceVersionDate "2022.10.05"]
[SourceQuality "1"]
[WhiteTeam "Grossenseebach"]
[BlackTeam "Postbauer Heng II"]
[WhiteTeamCountry "GER"]
[BlackTeamCountry "GER"]

1. e4 c6 2. Nc3 g6 3. d4 Bg7 4. f4 d5 5. e5 e6 6. Be3 b6 7. Nf3 Ba6 8. Qd2 Bxf1 9. Rxf1 Ne7 10. g4 Nd7 11. 0-0-0 b5 12. Ne2 Nb6 13. b3 a5 14. Ng3 a4 15. f5 axb3 16. cxb3 Nec8 17. fxe6 fxe6 18. Ng5 Qe7 19. Kb1 Bh6 20. Rf6 Bxg5 21. Bxg5 Nd7 22. Rxg6 Qf7 23. Rh6 Nf8 24. Rf1 Qa7 25. Nh5 Ne7 26. Ng7+ Kd7 27. Rf7 1-0

[Event "Mittelfranken-chTB2b 1920"]
[Site "Mittelfranken"]
[Date "2019.12.01"]
[Round "3.1"]
[White "Johanni, Harald"]
[Black "Quaschner, Tobias"]
[Result "0-1"]
[WhiteElo "1874"]
[BlackElo "2133"]
[PlyCount "86"]
[EventDate "2019.10.13"]
[EventType "team-tourn"]
[EventRounds "9"]
[EventCountry "GER"]
[SourceTitle "EXT 2023"]
[Source "ChessBase"]
[SourceDate "2022.10.05"]
[SourceVersion "1"]
[SourceVersionDate "2022.10.05"]
[SourceQuality "1"]
[WhiteTeam "Nuernberg Anderssen"]
[BlackTeam "Grossenseebach"]
[WhiteTeamCountry "GER"]
[BlackTeamCountry "GER"]

1. e4 c5 2. Nf3 d6 3. d4 cxd4 4. Nxd4 Nf6 5. Nc3 a6 6. Bg5 e6 7. Qd2 Nbd7 8. 0-0-0 Qc7 9. f4 Be7 10. Be2 b5 11. Bf3 Bb7 12. Bxf6 Bxf6 13. e5 Bxf3 14. Ndxb5 axb5 15. Nxb5 Qc6 16. Nxd6+ Kf8 17. gxf3 Rxa2 18. Qe3 Bd8 19. Ne4 Bb6 20. Qd3 Nc5 21. Qd6+ Qxd6 22. exd6 Ke8 23. Kd2 Kd7 24. b4 Nxe4+ 25. fxe4 Rc8 26. Rc1 Rc4 27. Kd3 Rd4+ 28. Kc3 Rxe4 29. Kb3 Ra8 30. c4 Re3+ 31. Rc3 Ra3+ 32. Kxa3 Rxc3+ 33. Ka4 Rxc4 34. Kb5 Rc6 35. Rd1 Bd8 36. Ra1 Rxd6 37. Ra7+ Bc7 38. Kc4 Kc6 39. b5+ Kb6 40. Ra8 Rd5 41. Ra6+ Kb7 42. b6 Kxa6 43. bxc7 Kb7 0-1

[Event "Mittelfranken-chTB2b 1819"]
[Site "Mittelfranken"]
[Date "2019.01.27"]
[Round "4.1"]
[White "Balhar, Michael"]
[Black "Quaschner, Tobias"]
[Result "0-1"]
[WhiteElo "1773"]
[BlackElo "2118"]
[PlyCount "72"]
[EventDate "2018.10.14"]
[EventType "team-tourn"]
[EventRounds "9"]
[EventCountry "GER"]
[SourceTitle "EXT 2022"]
[Source "ChessBase"]
[SourceDate "2021.10.06"]
[SourceVersion "1"]
[SourceVersionDate "2021.10.06"]
[SourceQuality "1"]
[WhiteTeam "Erlangen SC IV"]
[BlackTeam "Grossenseebach"]
[WhiteTeamCountry "GER"]
[BlackTeamCountry "GER"]

1. e4 c5 2. Nf3 d6 3. Bb5+ Nd7 4. c3 a6 5. Ba4 Ngf6 6. Qe2 b5 7. Bc2 e5 8. 0-0 Bb7 9. d4 Qc7 10. d5 g6 11. Rd1 Bg7 12. Nbd2 0-0 13. Nf1 c4 14. h3 Nc5 15. Ng3 a5 16. b3 cxb3 17. axb3 Ba6 18. Nh2 b4 19. Qf3 Ncd7 20. c4 Nc5 21. Bh6 Bxh6 22. Qxf6 Bg7 23. Qf3 a4 24. Ng4 axb3 25. Bxb3 Nxb3 26. Qxb3 Qxc4 27. Qf3 Qc3 28. Nf6+ Kh8 29. Qxc3 bxc3 30. Nd7 c2 31. Rdc1 Bd3 32. Nxf8 Rxa1 33. Rxa1 Bxf8 34. Nf1 Bxf1 35. Kxf1 Bh6 36. Ra8+ Kg7 0-1

[Event "Mittelfranken-chTB2b 1819"]
[Site "Mittelfranken"]
[Date "2018.10.14"]
[Round "1.1"]
[White "Quaschner, Tobias"]
[Black "Boehme, Markus"]
[Result "1/2-1/2"]
[WhiteElo "2118"]
[BlackElo "2088"]
[PlyCount "93"]
[EventDate "2018.10.14"]
[EventType "team-tourn"]
[EventRounds "9"]
[EventCountry "GER"]
[SourceTitle "EXT 2022"]
[Source "ChessBase"]
[SourceDate "2021.10.06"]
[SourceVersion "1"]
[SourceVersionDate "2021.10.06"]
[SourceQuality "1"]
[WhiteTeam "Grossenseebach"]
[BlackTeam "Uttenreuth"]
[WhiteTeamCountry "GER"]
[BlackTeamCountry "GER"]

1. e4 c5 2. Nf3 d6 3. d4 cxd4 4. Nxd4 Nf6 5. Nc3 Nc6 6. Bg5 e6 7. Qd2 a6 8. f3 Nxd4 9. Qxd4 Be7 10. 0-0-0 0-0 11. g4 b5 12. Be3 Bb7 13. h4 Rc8 14. g5 Nd7 15. h5 Bxg5 16. Bxg5 Qxg5+ 17. Kb1 Qf6 18. Qxd6 Rfd8 19. Be2 Qe5 20. Qe7 Bc6 21. a3 Qc5 22. Qh4 a5 23. h6 g6 24. Na2 b4 25. Rd2 bxa3 26. b3 Qe5 27. c3 Rb8 28. Kc2 Rdc8 29. Rhd1 Qf6 30. Qxf6 Nxf6 31. Ba6 Re8 32. Bc4 Kf8 33. Rd6 Bb5 34. Bxb5 Rxb5 35. Ra6 Reb8 36. b4 Ke7 37. Ra7+ R8b7 38. Rxb7+ Rxb7 39. Kb3 Nd7 40. Kxa3 Ne5 41. f4 axb4+ 42. cxb4 Nc4+ 43. Kb3 Na5+ 44. Ka4 Nc4 45. Kb3 Na5+ 46. Ka4 Nc4 47. Kb3 1/2-1/2

[Event "Seebach op 23rd"]
[Site "Grossenseebach"]
[Date "2012.06.09"]
[Round "6"]
[White "Quaschner, Tobias"]
[Black "Seyb, Alexander"]
[Result "1-0"]
[WhiteElo "2086"]
[BlackElo "2274"]
[PlyCount "63"]
[EventDate "2012.06.07"]
[EventType "swiss"]
[EventRounds "7"]
[EventCountry "GER"]
[SourceTitle "EXT 2013"]
[Source "ChessBase"]
[SourceDate "2012.11.22"]
[SourceVersion "1"]
[SourceVersionDate "2012.11.22"]
[SourceQuality "1"]

1. e4 d5 2. exd5 Qxd5 3. Nc3 Qd6 4. Bc4 Nf6 5. d3 a6 6. Nge2 b5 7. Bb3 Bb7 8. f3 Nbd7 9. Be3 e6 10. Bf2 Be7 11. Ng3 c5 12. Qe2 0-0 13. 0-0 Qc6 14. Nce4 Nd5 15. c3 Nf4 16. Qe3 Nxd3 17. Qxd3 c4 18. Qe2 cxb3 19. axb3 Rfd8 20. Rfd1 Nb6 21. Rxd8+ Rxd8 22. Rd1 Rxd1+ 23. Qxd1 f5 24. Nd2 g6 25. b4 Na4 26. Qe2 Qd5 27. Ndf1 Bf6 28. Ne3 Qd6 29. Ngf1 Kf7 30. Qd1 Ke7 31. Qc2 Be5 32. b3 1-0

[Event "Seebach op 23rd"]
[Site "Grossenseebach"]
[Date "2012.06.08"]
[Round "3"]
[White "Seyb, Dieter"]
[Black "Quaschner, Tobias"]
[Result "1/2-1/2"]
[WhiteElo "2210"]
[BlackElo "2086"]
[PlyCount "112"]
[EventDate "2012.06.07"]
[EventType "swiss"]
[EventRounds "7"]
[EventCountry "GER"]
[SourceTitle "EXT 2013"]
[Source "ChessBase"]
[SourceDate "2012.11.22"]
[SourceVersion "1"]
[SourceVersionDate "2012.11.22"]
[SourceQuality "1"]

1. e4 c5 2. Nf3 d6 3. d4 cxd4 4. Nxd4 Nf6 5. Nc3 a6 6. h3 e5 7. Nde2 h6 8. g4 Be7 9. Bg2 Nbd7 10. 0-0 Nb6 11. b3 Be6 12. Bb2 g5 13. Ng3 h5 14. Nxh5 Nxh5 15. gxh5 Qd7 16. Qf3 0-0-0 17. Qe3 Qc7 18. Nd5 Bxd5 19. exd5 f5 20. c4 Nd7 21. b4 Kb8 22. Rfc1 Qb6 23. Qd2 g4 24. Rab1 gxh3 25. c5 Qa7 26. Bf3 Bg5 27. Qe1 Rhg8 28. Kh1 e4 29. c6 Bxc1 30. Rxc1 exf3 31. c7+ Ka8 32. cxd8Q+ Rxd8 33. Rc2 Qb6 34. a3 Qb5 35. Qd1 Ne5 36. Kh2 Rg8 37. Bxe5 dxe5 38. d6 Rd8 39. Kxh3 e4 40. Qc1 Rxd6 41. Rc8+ Ka7 42. Qc5+ Qxc5 43. Rxc5 f4 44. Re5 e3 45. fxe3 fxe3 46. Rxe3 Rf6 47. Re1 f2 48. Rf1 Rf5 49. Kg4 Rf6 50. Kg5 Rf3 51. h6 Rg3+ 52. Kh4 Rg2 53. Kh5 Rh2+ 54. Kg6 Rg2+ 55. Kf7 Rh2 56. Kg7 Rg2+ 1/2-1/2

[Event "Landesliga U20 Nord 1112"]
[Site "Bayern"]
[Date "2012.03.10"]
[Round "7.1"]
[White "Quaschner, Tobias"]
[Black "Ott, Florian"]
[Result "0-1"]
[WhiteElo "2009"]
[BlackElo "2006"]
[PlyCount "80"]
[EventDate "2011.11.12"]
[EventType "team-tourn"]
[EventRounds "7"]
[EventCountry "GER"]
[SourceTitle "EXT 2022"]
[Source "ChessBase"]
[SourceDate "2021.10.06"]
[SourceVersion "1"]
[SourceVersionDate "2021.10.06"]
[SourceQuality "1"]
[WhiteTeam "Grossenseebach U20"]
[BlackTeam "Amberg SGS U20"]
[WhiteTeamCountry "GER"]
[BlackTeamCountry "GER"]

1. e4 c5 2. Nc3 d6 3. d3 g6 4. Be3 Bg7 5. g3 Nc6 6. Bg2 Rb8 7. Qd2 b5 8. Nd1 e6 9. f4 Nge7 10. Nf3 0-0 11. 0-0 a5 12. c3 b4 13. Re1 Ba6 14. Bf1 Qd7 15. d4 Bxf1 16. Kxf1 bxc3 17. bxc3 cxd4 18. cxd4 d5 19. e5 Nc8 20. f5 exf5 21. Bh6 Nb6 22. Bxg7 Kxg7 23. Ne3 f6 24. Kg2 fxe5 25. Nxe5 Nxe5 26. dxe5 d4 27. Nc2 d3 28. Ne3 a4 29. Rad1 Rfd8 30. Qc3 Rbc8 31. Qb2 Qe6 32. Rd2 Nc4 33. Nxc4 Rxc4 34. Qb7+ Rd7 35. Qf3 Rc2 36. Red1 Rxd2+ 37. Rxd2 Qxe5 38. Rxd3 Rxd3 39. Qxd3 Qe4+ 40. Qf3 Kf6 0-1

[Event "Bayernliga U20 1011"]
[Site "Bayern"]
[Date "2011.04.02"]
[Round "7.2"]
[White "Eicher, Lukas"]
[Black "Quaschner, Tobias"]
[Result "0-1"]
[WhiteElo "1915"]
[BlackElo "2054"]
[PlyCount "84"]
[EventDate "2010.10.16"]
[EventType "team-tourn"]
[EventRounds "7"]
[EventCountry "GER"]
[SourceTitle "EXT 2022"]
[Source "ChessBase"]
[SourceDate "2021.10.06"]
[SourceVersion "1"]
[SourceVersionDate "2021.10.06"]
[SourceQuality "1"]
[WhiteTeam "Muenchen Suedost SK U20"]
[BlackTeam "Grossenseebach U20"]
[WhiteTeamCountry "GER"]
[BlackTeamCountry "GER"]

1. c4 c5 2. Nc3 b6 3. Nf3 Bb7 4. d4 cxd4 5. Nxd4 e6 6. e4 d6 7. Be3 Nf6 8. f3 a6 9. Be2 Nbd7 10. 0-0 Be7 11. Qd2 Qc7 12. Rac1 h6 13. Rfd1 g5 14. Bd3 Ne5 15. b3 g4 16. f4 Nxd3 17. Qxd3 h5 18. f5 e5 19. Nc2 Rd8 20. Nb4 g3 21. h3 h4 22. Ncd5 Bxd5 23. cxd5 Qb7 24. Nxa6 Rd7 25. Qb5 Bd8 26. Rc6 Nxe4 27. Bxb6 Nc3 28. Rxc3 Qxb6+ 29. Qxb6 Bxb6+ 30. Kf1 Rh5 31. Rf3 Ra7 32. Nb4 Bc5 33. Nd3 Rxa2 34. Nxc5 dxc5 35. Rc1 Ke7 36. Rxc5 Kd6 37. Rb5 e4 38. Rf4 Ke5 39. Rg4 Rxf5+ 40. Ke1 Kd4 41. Rb4+ Ke3 42. Ra4 Re2+ 0-1

[Event "GER-chT U20"]
[Site "Osnabrueck"]
[Date "2010.12.29"]
[Round "5.3"]
[White "Quaschner, Tobias"]
[Black "Hahn, Florian"]
[Result "1/2-1/2"]
[WhiteElo "2047"]
[BlackElo "1968"]
[PlyCount "97"]
[EventDate "2010.12.27"]
[EventType "team-swiss"]
[EventRounds "7"]
[EventCountry "GER"]
[SourceTitle "CBM 140 Extra"]
[Source "ChessBase"]
[SourceDate "2011.03.01"]
[SourceVersion "1"]
[SourceVersionDate "2011.03.01"]
[SourceQuality "1"]
[WhiteTeam "Grossenseebach"]
[BlackTeam "Gruendau"]
[WhiteTeamCountry "GER"]
[BlackTeamCountry "GER"]

1. e4 c5 2. Nf3 e6 3. d4 cxd4 4. Nxd4 Nc6 5. Nc3 Qc7 6. Be3 a6 7. Qd2 Nf6 8. 0-0-0 Bb4 9. f3 Ne5 10. Nb3 b5 11. Qe1 Nc4 12. Bg5 Be7 13. Kb1 Bb7 14. Qg3 Rc8 15. Qxc7 Rxc7 16. Bf4 Rc8 17. Bxc4 bxc4 18. Nc1 d5 19. exd5 Nxd5 20. Nxd5 Bxd5 21. Ne2 Bf6 22. c3 0-0 23. Be3 Rfd8 24. Bd4 Be7 25. Kc2 Rb8 26. Be3 Rb7 27. h4 Rbd7 28. h5 f6 29. Bf4 Bc5 30. Ng3 e5 31. Bc1 Kf7 32. Nf5 e4 33. f4 Be6 34. Rxd7+ Rxd7 35. Ne3 Rd3 36. Re1 Bxe3 37. Rxe3 Rxe3 38. Bxe3 Bg4 39. h6 gxh6 40. b3 Be2 41. Kd2 Bf1 42. g3 Ke6 43. Bd4 Bd3 44. b4 f5 45. Bg7 h5 46. Bh6 Kd5 47. a4 Bb1 48. a5 Ke6 49. Bg7 1/2-1/2

[Event "GER-chT U20"]
[Site "Osnabrueck"]
[Date "2010.12.28"]
[Round "3.3"]
[White "Quaschner, Tobias"]
[Black "Bradler, Stephan"]
[Result "1-0"]
[WhiteElo "2047"]
[BlackElo "2127"]
[PlyCount "63"]
[EventDate "2010.12.27"]
[EventType "team-swiss"]
[EventRounds "7"]
[EventCountry "GER"]
[SourceTitle "CBM 140 Extra"]
[Source "ChessBase"]
[SourceDate "2011.03.01"]
[SourceVersion "1"]
[SourceVersionDate "2011.03.01"]
[SourceQuality "1"]
[WhiteTeam "Grossenseebach"]
[BlackTeam "Salzgitter"]
[WhiteTeamCountry "GER"]
[BlackTeamCountry "GER"]

1. e4 c5 2. d3 Nc6 3. g3 g6 4. Bg2 Bg7 5. f4 d6 6. Nf3 e6 7. 0-0 Nge7 8. c3 0-0 9. Be3 b6 10. Na3 Bb7 11. Nc2 Rc8 12. Rc1 Qc7 13. d4 Na5 14. Nd2 Qb8 15. Qe2 Qa8 16. g4 f5 17. b4 cxb4 18. cxb4 Nac6 19. e5 dxe5 20. dxe5 fxg4 21. Nc4 Nf5 22. Nd6 Nxd6 23. exd6 Rcd8 24. Rcd1 e5 25. Qxg4 Kh8 26. f5 gxf5 27. Rxf5 Rxf5 28. Qxf5 Nd4 29. Bxb7 Qxb7 30. Nxd4 Rxd6 31. Rc1 Rg6+ 32. Bg5 1-0

[Event "Mittelfranken-chTB2a 1011"]
[Site "Germany"]
[Date "2010.10.17"]
[Round "2.2"]
[White "Diebel, Guenther"]
[Black "Quaschner, Tobias"]
[Result "0-1"]
[WhiteElo "1704"]
[BlackElo "2047"]
[PlyCount "49"]
[EventDate "2010.09.26"]
[EventType "team-tourn"]
[EventRounds "9"]
[EventCountry "GER"]
[SourceTitle "EXT 2012"]
[Source "ChessBase"]
[SourceDate "2011.11.24"]
[SourceVersion "1"]
[SourceVersionDate "2011.11.24"]
[SourceQuality "1"]
[WhiteTeam "Buechenbach/Roth III"]
[BlackTeam "Grossenseebach"]
[WhiteTeamCountry "GER"]
[BlackTeamCountry "GER"]

1. e4 c5 2. Nf3 d6 3. d4 cxd4 4. Nxd4 Nf6 5. Nc3 a6 6. Bd3 e5 7. Nde2 Be7 8. 0-0 0-0 9. f4 b5 10. f5 Bb7 11. Ng3 Nbd7 12. Nh5 Nxh5 13. Qxh5 Nf6 14. Qe2 Re8 15. Bg5 Nd7 16. Bxe7 Qxe7 17. Rf3 b4 18. Na4 d5 19. Raf1 Nf6 20. Re3 dxe4 21. Bc4 Bc6 22. Bb3 Bb5 23. Qe1 Bxf1 24. Qxf1 Qa7 25. Qe2 0-1

[Event "Mittelfranken-chTB1 0910"]
[Site "Mittelfranken"]
[Date "2010.04.18"]
[Round "9.3"]
[White "Quaschner, Tobias"]
[Black "Roeder, Gerd"]
[Result "0-1"]
[WhiteElo "2006"]
[BlackElo "2172"]
[PlyCount "130"]
[EventDate "2009.10.11"]
[EventType "team-tourn"]
[EventRounds "9"]
[EventCountry "GER"]
[SourceTitle "EXT 2011"]
[Source "ChessBase"]
[SourceDate "2010.11.26"]
[SourceVersion "1"]
[SourceVersionDate "2010.11.26"]
[SourceQuality "1"]
[WhiteTeam "Grossenseebach"]
[BlackTeam "Altensittenbach"]
[WhiteTeamCountry "GER"]
[BlackTeamCountry "GER"]

1. e4 c5 2. d3 Nc6 3. g3 g6 4. Bg2 Bg7 5. f4 e6 6. Nf3 Nge7 7. 0-0 0-0 8. c3 b6 9. d4 cxd4 10. cxd4 d5 11. e5 a5 12. Nc3 Ba6 13. Rf2 Qd7 14. Bf1 Bxf1 15. Qxf1 Rfc8 16. g4 Na7 17. a4 Nac6 18. Nb5 Na7 19. Nd6 Rf8 20. b3 Nec8 21. Ba3 Nxd6 22. Bxd6 Rfc8 23. Rc1 Rxc1 24. Qxc1 Rc8 25. Rc2 Rxc2 26. Qxc2 Bf8 27. Bxf8 Kxf8 28. Kf2 Qc6 29. Qxc6 Nxc6 30. Ke3 Ke7 31. g5 Kf8 32. Ne1 Ne7 33. Ng2 Nf5+ 34. Kd3 Kg7 35. Ne3 h6 36. gxh6+ Kxh6 37. Ng4+ Kh5 38. Nf6+ Kh4 39. Nd7 Kh3 40. Nxb6 Kxh2 41. Nc8 Kg3 42. Nd6 Kxf4 43. Nxf5 exf5 44. b4 Kg3 45. bxa5 f4 46. a6 f3 47. a7 f2 48. a8Q f1Q+ 49. Kd2 Qf4+ 50. Kc2 Qe4+ 51. Kc1 Qe3+ 52. Kc2 Qe2+ 53. Kc1 Qc4+ 54. Kb1 Qb3+ 55. Kc1 Qc3+ 56. Kb1 Qxd4 57. Qe8 Qb4+ 58. Kc2 Qc4+ 59. Kd2 d4 60. e6 Qc3+ 61. Kd1 Qd3+ 62. Kc1 fxe6 63. Qb8+ Kf3 64. Qf8+ Ke2 65. Qf4 Qe3+ 0-1

[Event "Mittelfranken-chTB1 0910"]
[Site "Mittelfranken"]
[Date "2010.01.31"]
[Round "6.3"]
[White "Pasedag, Peter"]
[Black "Quaschner, Tobias"]
[Result "1/2-1/2"]
[WhiteElo "2139"]
[BlackElo "1999"]
[PlyCount "102"]
[EventDate "2009.10.11"]
[EventType "team-tourn"]
[EventRounds "9"]
[EventCountry "GER"]
[SourceTitle "EXT 2011"]
[Source "ChessBase"]
[SourceDate "2010.11.26"]
[SourceVersion "1"]
[SourceVersionDate "2010.11.26"]
[SourceQuality "1"]
[WhiteTeam "Fuerth SF"]
[BlackTeam "Grossenseebach"]
[WhiteTeamCountry "GER"]
[BlackTeamCountry "GER"]

1. e4 c5 2. Nc3 Nc6 3. Bb5 d6 4. Bxc6+ bxc6 5. f4 c4 6. Nf3 Bg4 7. 0-0 e6 8. d3 cxd3 9. Qxd3 Bxf3 10. Rxf3 d5 11. f5 Bc5+ 12. Kh1 Nf6 13. fxe6 fxe6 14. exd5 exd5 15. Bg5 Be7 16. Bxf6 Bxf6 17. Re1+ Kf7 18. Ref1 h6 19. Ne2 Re8 20. Ng3 Re6 21. Nh5 Qh8 22. c4 Rd8 23. Nf4 Re4 24. cxd5 cxd5 25. Nh5 Re6 26. Nf4 Re4 27. Nh5 Re6 28. Qd4 Rd7 29. Qg4 Red6 30. Nxf6 gxf6 31. Qh5+ Ke7 32. Re1+ Re6 33. Rxe6+ Kxe6 34. Qg4+ Kd6 35. Qd4 Ke6 36. Qg4+ Kd6 37. Qd4 Ke6 38. Rc3 Qg7 39. Re3+ Kf7 40. Rg3 Qh7 41. h3 Qe4 42. Qd2 Qe5 43. Re3 Qg5 44. Qd4 h5 45. b4 h4 46. b5 Rc7 47. Rd3 Rc1+ 48. Rd1 Rxd1+ 49. Qxd1 Qe5 50. a4 d4 51. Qb1 Qe3 1/2-1/2

[Event "Mittelfranken-chTB2a 0809"]
[Site "Mittelfranken"]
[Date "2009.04.26"]
[Round "9.2"]
[White "Fuchs, Gerhard"]
[Black "Quaschner, Tobias"]
[Result "1/2-1/2"]
[WhiteElo "2068"]
[BlackElo "1926"]
[PlyCount "58"]
[EventDate "2008.10.12"]
[EventType "team"]
[EventRounds "9"]
[EventCountry "GER"]
[SourceTitle "EXT 2011"]
[Source "ChessBase"]
[SourceDate "2010.11.26"]
[SourceVersion "1"]
[SourceVersionDate "2010.11.26"]
[SourceQuality "1"]
[WhiteTeam "Nuernberg SK 1911"]
[BlackTeam "Grossenseebach II"]
[WhiteTeamCountry "GER"]
[BlackTeamCountry "GER"]

1. e4 c5 2. b3 Nc6 3. Bb2 d6 4. f4 Nf6 5. Nc3 e6 6. Nf3 Be7 7. Bb5 Bd7 8. e5 dxe5 9. Nxe5 Nxe5 10. fxe5 Nd5 11. Bxd7+ Qxd7 12. 0-0 Nxc3 13. Bxc3 Rf8 14. Qh5 h6 15. Rf3 Bg5 16. h4 g6 17. Qg4 Bd8 18. Raf1 g5 19. h5 Qc6 20. a4 a6 21. a5 Be7 22. Qc4 Rd8 23. Rd3 Rxd3 24. Qxd3 Rh8 25. Qc4 Kf8 26. Rf3 Kg7 27. Qf1 Rf8 28. Qf2 Qe4 29. Rd3 Rd8 1/2-1/2

[Event "Mittelfranken-chTB2a 0809"]
[Site "Mittelfranken"]
[Date "2009.03.22"]
[Round "8.2"]
[White "Quaschner, Tobias"]
[Black "Balle, Alfred"]
[Result "1-0"]
[WhiteElo "1926"]
[BlackElo "1893"]
[PlyCount "57"]
[EventDate "2008.10.12"]
[EventType "team"]
[EventRounds "9"]
[EventCountry "GER"]
[SourceTitle "EXT 2011"]
[Source "ChessBase"]
[SourceDate "2010.11.26"]
[SourceVersion "1"]
[SourceVersionDate "2010.11.26"]
[SourceQuality "1"]
[WhiteTeam "Grossenseebach II"]
[BlackTeam "Forchheim III"]
[WhiteTeamCountry "GER"]
[BlackTeamCountry "GER"]

1. e4 c5 2. Nc3 Nc6 3. d3 e6 4. g3 d5 5. Bg2 Nf6 6. Bg5 d4 7. Nce2 Be7 8. h3 Qb6 9. b3 0-0 10. Bd2 Bd7 11. f4 Qc7 12. Nf3 b5 13. 0-0 Rac8 14. Kh1 Ne8 15. g4 f5 16. e5 fxg4 17. hxg4 g5 18. Qe1 gxf4 19. Bxf4 Nb4 20. Qd2 Ng7 21. a3 Nd5 22. Bh6 Qd8 23. Ng3 Qe8 24. Nh2 Bc6 25. Rxf8+ Bxf8 26. Rf1 Qg6 27. Be4 Qe8 28. Nh5 Ne3 29. Nf6+ 1-0

[Event "Mittelfranken-chTB2a 0809"]
[Site "Mittelfranken"]
[Date "2009.03.08"]
[Round "7.2"]
[White "Veh Hoelzlein, Michael"]
[Black "Quaschner, Tobias"]
[Result "0-1"]
[WhiteElo "2008"]
[BlackElo "1926"]
[PlyCount "56"]
[EventDate "2008.10.12"]
[EventType "team"]
[EventRounds "9"]
[EventCountry "GER"]
[SourceTitle "EXT 2011"]
[Source "ChessBase"]
[SourceDate "2010.11.26"]
[SourceVersion "1"]
[SourceVersionDate "2010.11.26"]
[SourceQuality "1"]
[WhiteTeam "Cadolzburg"]
[BlackTeam "Grossenseebach II"]
[WhiteTeamCountry "GER"]
[BlackTeamCountry "GER"]

1. e4 c5 2. Nf3 d6 3. Bb5+ Nd7 4. 0-0 Ngf6 5. Re1 a6 6. Bxd7+ Nxd7 7. c3 g6 8. d4 Bg7 9. Bg5 h6 10. Be3 0-0 11. Nbd2 b6 12. b4 Bb7 13. Rb1 Qc7 14. Qb3 c4 15. Qc2 e5 16. Nh4 b5 17. d5 Nf6 18. f3 Bc8 19. a4 g5 20. Nf5 Bxf5 21. exf5 Nxd5 22. Ne4 Nxe3 23. Rxe3 d5 24. Ng3 Rfd8 25. a5 Qa7 26. Qf2 d4 27. Re4 dxc3 28. Rc1 Bf8 0-1

[Event "Regionalliga NO 0809"]
[Site "Bayern"]
[Date "2009.02.01"]
[Round "6.6"]
[White "Zimmermann, Andre"]
[Black "Quaschner, Tobias"]
[Result "1/2-1/2"]
[WhiteElo "1972"]
[BlackElo "1914"]
[PlyCount "83"]
[EventDate "2008.10.05"]
[EventType "team-tourn"]
[EventRounds "9"]
[EventCountry "GER"]
[SourceTitle "EXT 2020"]
[Source "ChessBase"]
[SourceDate "2019.10.17"]
[SourceVersion "1"]
[SourceVersionDate "2019.10.17"]
[SourceQuality "1"]
[WhiteTeam "Windischeschenbach"]
[BlackTeam "Grossenseebach"]
[WhiteTeamCountry "GER"]
[BlackTeamCountry "GER"]

1. d4 Nf6 2. Nf3 b6 3. g3 e6 4. Bg2 Bb7 5. 0-0 Be7 6. c4 d5 7. Ne5 0-0 8. Nc3 c5 9. e3 Nc6 10. b3 Rc8 11. Nxc6 Bxc6 12. cxd5 Nxd5 13. Nxd5 Bxd5 14. Ba3 Bxg2 15. Kxg2 cxd4 16. Bxe7 Qxe7 17. Qxd4 Rfd8 18. Qe4 f5 19. Qa4 Qb7+ 20. Kg1 b5 21. Qb4 Rd5 22. Rac1 Rcd8 23. Qa5 R8d7 24. a4 b4 25. Rc5 Rd1 26. Qb5 Rxf1+ 27. Qxf1 Qf3 28. Rc1 Rd2 29. h4 Kf7 30. Qg2 Rd1+ 31. Rxd1 Qxd1+ 32. Kh2 Qxb3 33. Qb7+ Kf6 34. Qb8 Qc2 35. Qf8+ Kg6 36. Qe8+ Kh6 37. Kh3 Qxf2 38. Qxe6+ g6 39. Qe7 Qf1+ 40. Kh2 Qe2+ 41. Kg1 Qd1+ 42. Kh2 1/2-1/2

[Event "GER-chT U20"]
[Site "Arendsee"]
[Date "2008.12.29"]
[Round "5.6"]
[White "Kanevski, Vladyslav"]
[Black "Quaschner, Tobias"]
[Result "1/2-1/2"]
[WhiteElo "1798"]
[BlackElo "1893"]
[PlyCount "98"]
[EventDate "2008.12.27"]
[EventType "team-swiss"]
[EventRounds "7"]
[EventCountry "GER"]
[SourceTitle "CBM 128 Extra"]
[Source "ChessBase"]
[SourceDate "2009.03.05"]
[SourceVersion "2"]
[SourceVersionDate "2009.03.25"]
[SourceQuality "1"]
[WhiteTeam "Koeln Porz"]
[BlackTeam "Grossenseebach"]
[WhiteTeamCountry "GER"]
[BlackTeamCountry "GER"]

1. d4 Nf6 2. Nf3 g6 3. Bf4 Bg7 4. e3 d6 5. h3 0-0 6. Bc4 b6 7. 0-0 Bb7 8. Nbd2 Nbd7 9. c3 h6 10. Qe2 c5 11. Rfe1 Rc8 12. Qd1 Qc7 13. Rc1 Qb8 14. Bh2 Qa8 15. Qe2 Ne4 16. Nxe4 Bxe4 17. Bb3 a6 18. Bc2 Nf6 19. Bxe4 Nxe4 20. Qd3 c4 21. Qe2 b5 22. Nd2 e5 23. Rcd1 f5 24. dxe5 dxe5 25. Nxe4 Qxe4 26. Rd6 Rfd8 27. Rxg6 Rc6 28. Rxc6 Qxc6 29. Rd1 Rxd1+ 30. Qxd1 Qe4 31. Kf1 f4 32. exf4 exf4 33. f3 Qf5 34. Bg1 b4 35. cxb4 Bxb2 36. Qd8+ Qf8 37. Qxf8+ Kxf8 38. Ke2 Ke8 39. Kd1 Kd7 40. Kc2 Be5 41. Bf2 Kc6 42. a4 h5 43. Be1 Kd5 44. Bd2 Bc7 45. Bc3 Bd6 46. Kd2 Be7 47. Kc2 Bd6 48. Be1 Be5 49. Bf2 Kc6 1/2-1/2

[Event "Seebach op 19th"]
[Site "Grossenseebach"]
[Date "2008.05.24"]
[Round "5"]
[White "Quaschner, Tobias"]
[Black "Hofstetter, Fred"]
[Result "1-0"]
[WhiteElo "1944"]
[BlackElo "1638"]
[PlyCount "67"]
[EventDate "2008.05.25"]
[EventType "swiss"]
[EventRounds "7"]
[EventCountry "GER"]
[SourceTitle "EXT 2018"]
[Source "ChessBase"]
[SourceDate "2017.10.13"]
[SourceVersion "1"]
[SourceVersionDate "2017.10.13"]
[SourceQuality "1"]

1. e4 e6 2. d4 d5 3. Nc3 Bb4 4. e5 c5 5. a3 Bxc3+ 6. bxc3 Ne7 7. Qg4 Qc7 8. Qxg7 Rg8 9. Qxh7 cxd4 10. Ne2 Nbc6 11. f4 Bd7 12. Qd3 dxc3 13. Nxc3 Na5 14. Nb5 Bxb5 15. Qxb5+ Nac6 16. g3 0-0-0 17. Qc5 Kb8 18. Bd3 Rc8 19. Rb1 Ka8 20. 0-0 Rh8 21. Be3 Qd7 22. Qd6 Qe8 23. Rb2 d4 24. Bf2 b6 25. a4 Rd8 26. Qa3 f6 27. Be4 Qh5 28. h4 d3 29. Qxe7 Rc8 30. Qxe6 Qe8 31. Bxc6+ Qxc6 32. Qxc6+ Rxc6 33. cxd3 Re8 34. d4 1-0